[Event "Campeonato España Sub 16"]
[Site "Salobreña"]
[Date "2017.07.28"]
[Round "8"]
[White "Gonzalez Serrato, Diego"]
[Black "Ortin Blanco, Inigo"]
[Result "0-1"]
[Board "12"]
[WhiteClock "1:30"]
[WhiteElo "1883"]
[WhiteCountry "ESP"]
[WhiteFideId "32069170"]
[WhiteEloChange "-5"]
[BlackClock "1:30"]
[BlackElo "2090"]
[BlackCountry "ESP"]
[BlackFideId "32010125"]
[BlackEloChange "5"]

1. e4 {[%clk 1:30:00]} c5 {[%clk 1:30:00]} 2. Nf3 {[%clk 1:31:00]} Nc6 {[%clk
1:31:00]} 3. Bb5 {[%clk 1:31:00]} Nf6 {[%clk 1:31:00]} 4. e5 {[%clk 1:30:00]} Nd5
{[%clk 1:31:00]} 5. O-O {[%clk 1:31:00]} g6 {[%clk 1:30:00]} 6. Bxc6 {[%clk
1:28:00]} dxc6 {[%clk 1:30:00]} 7. d3 {[%clk 1:27:00]} Bg7 {[%clk 1:30:00]} 8.
Re1 {[%clk 1:27:00]} O-O {[%clk 1:30:00]} 9. Nbd2 {[%clk 1:27:00]} Nc7 {[%clk
1:24:00]} 10. a4 {[%clk 1:24:00]} Ne6 {[%clk 1:20:00]} 11. a5 {[%clk 1:21:00]}
Nd4 {[%clk 1:17:00]} 12. h3 {[%clk 1:19:00]} Qd5 {[%clk 1:13:00]} 13. Nxd4 {[%clk
1:15:00]} cxd4 {[%clk 1:11:00]} 14. Qf3 {[%clk 1:10:00]} Qc5 {[%clk 0:55:00]} 15.
Nc4 {[%clk 1:03:00]} Be6 {[%clk 0:55:00]} 16. b3 {[%clk 1:01:00]} Bxc4 {[%clk
0:44:00]} 17. bxc4 {[%clk 0:54:00]} b5 {[%clk 0:42:00]} 18. cxb5 {[%clk 0:53:00]}
cxb5 {[%clk 0:43:00]} 19. e6 {[%clk 0:45:00]} f5 {[%clk 0:41:00]} 20. Bf4 {[%clk
0:40:00]} a6 {[%clk 0:38:00]} 21. Qb7 {[%clk 0:39:00]} Bf6 {[%clk 0:36:00]} 22.
Qb6 {[%clk 0:31:00]} Rfc8 {[%clk 0:32:00]} 23. Re2 {[%clk 0:27:00]} Rc6 {[%clk
0:24:00]} 24. Qxc5 {[%clk 0:27:00]} Rxc5 {[%clk 0:25:00]} 25. Ra2 {[%clk
0:25:00]} Rac8 {[%clk 0:21:00]} 26. Bg3 {[%clk 0:24:00]} R8c6 {[%clk 0:21:00]}
27. Bb8 {[%clk 0:22:00]} Rc8 {[%clk 0:19:53]} 28. Bg3 {[%clk 0:21:00]} Kg7 {[%clk
0:20:00]} 29. f4 {[%clk 0:21:00]} R8c6 {[%clk 0:18:37]} 30. Be1 {[%clk 0:21:00]}
Rd5 {[%clk 0:17:48]} 31. Bb4 {[%clk 0:21:00]} g5 {[%clk 0:16:04]} 32. g3 {[%clk
0:21:00]} gxf4 {[%clk 0:16:16]} 33. gxf4 {[%clk 0:19:18]} Bh4 {[%clk 0:16:32]}
34. Ra1 {[%clk 0:17:14]} Kf6 {[%clk 0:16:39]} 35. Kh2 {[%clk 0:13:22]} Rxe6
{[%clk 0:16:19]} 36. Rg2 {[%clk 0:13:40]} Kf7 {[%clk 0:16:24]} 37. Rag1 {[%clk
0:12:02]} Rg6 {[%clk 0:16:37]} 38. Rxg6 {[%clk 0:11:52]} hxg6 {[%clk 0:17:03]}
39. Kg2 {[%clk 0:12:09]} Rd7 {[%clk 0:15:54]} 40. Kf3 {[%clk 0:11:58]} Rc7 {[%clk
0:15:57]} 41. Rg2 {[%clk 0:12:18]} Rc6 {[%clk 0:16:14]} 42. Re2 {[%clk 0:11:44]}
Re6 {[%clk 0:14:26]} 43. Rg2 {[%clk 0:08:50]} Re3# {[%clk 0:14:26]} 0-1

[Event "Campeonato España Sub 16"]
[Site "Salobreña"]
[Date "2017.07.28"]
[Round "8"]
[White "Garcia Gimenez, Santiago"]
[Black "Sobrino Forte, Alvaro"]
[Result "1/2-1/2"]
[Board "13"]
[WhiteClock "1:30"]
[WhiteElo "2064"]
[WhiteCountry "ESP"]
[WhiteFideId "32063350"]
[WhiteEloChange "-2"]
[BlackClock "1:30"]
[BlackElo "2003"]
[BlackCountry "ESP"]
[BlackFideId "24549495"]
[BlackEloChange "2"]

1. e4 {[%clk 1:30:00]} c5 {[%clk 1:30:00]} 2. Nf3 {[%clk 1:31:00]} Nc6 {[%clk
1:31:00]} 3. d4 {[%clk 1:31:00]} cxd4 {[%clk 1:31:00]} 4. Nxd4 {[%clk 1:31:00]}
g6 {[%clk 1:32:00]} 5. Nc3 {[%clk 1:31:00]} Bg7 {[%clk 1:32:00]} 6. Be3 {[%clk
1:31:00]} Nf6 {[%clk 1:33:00]} 7. Bc4 {[%clk 1:31:00]} O-O {[%clk 1:33:00]} 8.
Bb3 {[%clk 1:31:00]} Qa5 {[%clk 1:33:00]} 9. O-O {[%clk 1:31:00]} d6 {[%clk
1:34:00]} 10. h3 {[%clk 1:30:00]} Bd7 {[%clk 1:34:00]} 11. Re1 {[%clk 1:27:00]}
Nxd4 {[%clk 1:28:00]} 12. Bxd4 {[%clk 1:27:00]} Bc6 {[%clk 1:27:00]} 13. Nd5
{[%clk 1:25:00]} Bxd5 {[%clk 1:26:00]} 14. exd5 {[%clk 1:25:00]} Rfe8 {[%clk
1:26:00]} 15. Bc3 {[%clk 1:25:00]} Qc7 {[%clk 1:21:00]} 16. Qf3 {[%clk 1:23:00]}
Nd7 {[%clk 1:19:00]} 17. Bxg7 {[%clk 1:23:00]} Kxg7 {[%clk 1:19:00]} 18. c3
{[%clk 1:19:00]} Rac8 {[%clk 1:17:00]} 19. Rad1 {[%clk 1:18:00]} b5 {[%clk
1:14:00]} 20. Qe2 {[%clk 1:14:00]} Qc5 {[%clk 1:11:00]} 21. Rd4 {[%clk 1:09:00]}
Nb6 {[%clk 1:08:00]} 22. Qe4 {[%clk 1:03:00]} a5 {[%clk 0:57:00]} 23. Re3 {[%clk
0:49:00]} a4 {[%clk 0:55:00]} 24. Bd1 {[%clk 0:47:00]} Nc4 {[%clk 0:54:00]} 25.
Rg3 {[%clk 0:47:00]} Nxb2 {[%clk 0:52:00]} 26. Bg4 {[%clk 0:47:00]} Rc7 {[%clk
0:50:00]} 27. h4 {[%clk 0:47:00]} Qa3 {[%clk 0:36:00]} 28. Qe3 {[%clk 0:31:00]}
Nc4 {[%clk 0:27:00]} 29. Qe2 {[%clk 0:31:00]} Ne5 {[%clk 0:20:00]} 30. Qxb5
{[%clk 0:29:00]} Ra8 {[%clk 0:18:23]} 31. Bd1 {[%clk 0:25:00]} Rxc3 {[%clk
0:15:06]} 32. Rxc3 {[%clk 0:25:00]} Qxc3 {[%clk 0:15:33]} 33. Rxa4 {[%clk
0:25:00]} Rxa4 {[%clk 0:13:00]} 34. Bxa4 {[%clk 0:21:00]} Qa1+ {[%clk 0:12:14]}
35. Qf1 {[%clk 0:21:00]} Qxa2 {[%clk 0:12:05]} 36. Qd1 {[%clk 0:21:00]} Qc4
{[%clk 0:11:39]} 37. g3 {[%clk 0:20:00]} Qg4 {[%clk 0:11:22]} 38. Qxg4 {[%clk
0:20:00]} Nxg4 {[%clk 0:11:51]} 39. Bb3 {[%clk 0:20:00]} Kf6 {[%clk 0:11:08]} 40.
f3 {[%clk 0:20:00]} Ne5 {[%clk 0:10:37]} 41. Kf2 {[%clk 0:21:00]} Nd3+ {[%clk
0:08:03]} 42. Ke3 {[%clk 0:21:00]} Nc5 {[%clk 0:08:38]} 43. Bc4 {[%clk 0:22:00]}
e5 {[%clk 0:07:11]} 44. g4 {[%clk 0:21:00]} g5 {[%clk 0:06:13]} 45. h5 {[%clk
0:20:00]} h6 {[%clk 0:06:22]} 46. Ba2 {[%clk 0:20:00]} Ke7 {[%clk 0:06:04]} 47.
Bb1 {[%clk 0:20:00]} Kd7 {[%clk 0:05:05]} 48. Kd2 {[%clk 0:20:00]} Kc7 {[%clk
0:04:44]} 49. Kc3 {[%clk 0:20:00]} Kb6 {[%clk 0:04:34]} 50. Kb4 {[%clk 0:20:00]}
Na6+ {[%clk 0:04:03]} 51. Kc4 {[%clk 0:21:00]} Nc7 {[%clk 0:04:08]} 52. Ba2
{[%clk 0:20:00]} Nb5 {[%clk 0:03:48]} 53. Kd3 {[%clk 0:19:45]} Kc5 {[%clk
0:02:50]} 54. Bb1 {[%clk 0:17:47]} Nc7 {[%clk 0:00:42]} 55. Ke4 {[%clk 0:17:36]}
Nxd5 {[%clk 0:00:40]} 56. Kf5 {[%clk 0:17:54]} Kd4 {[%clk 0:00:46]} 57. Ba2
{[%clk 0:17:54]} 1/2-1/2

[Event "Campeonato España Sub 16"]
[Site "Salobreña"]
[Date "2017.07.28"]
[Round "8"]
[White "Redondo Benavente, Ana"]
[Black "Soto Martin, Miguel"]
[Result "1/2-1/2"]
[Board "14"]
[WhiteClock "1:30"]
[WhiteTitle "WFM"]
[WhiteElo "2026"]
[WhiteCountry "ESP"]
[WhiteFideId "32021674"]
[WhiteEloChange "-4"]
[BlackClock "1:30"]
[BlackElo "1881"]
[BlackCountry "ESP"]
[BlackFideId "32035195"]
[BlackEloChange "4"]

1. d4 {[%clk 1:30:00]} Nf6 {[%clk 1:30:00]} 2. Bf4 {[%clk 1:31:00]} g6 {[%clk
1:31:00]} 3. Nc3 {[%clk 1:31:00]} d5 {[%clk 1:31:00]} 4. e3 {[%clk 1:30:00]} c6
{[%clk 1:30:00]} 5. h4 {[%clk 1:29:00]} Bg7 {[%clk 1:30:00]} 6. Be2 {[%clk
1:28:00]} h5 {[%clk 1:11:00]} 7. Nf3 {[%clk 1:27:00]} Qb6 {[%clk 1:05:00]} 8. Qd2
{[%clk 1:12:00]} Qxb2 {[%clk 1:00:00]} 9. Rb1 {[%clk 1:12:00]} Qa3 {[%clk
1:00:00]} 10. O-O {[%clk 1:12:00]} O-O {[%clk 0:54:00]} 11. Bc7 {[%clk 1:07:00]}
b5 {[%clk 0:41:00]} 12. Rb3 {[%clk 0:56:00]} Qa6 {[%clk 0:41:00]} 13. a4 {[%clk
0:43:00]} Qb7 {[%clk 0:41:00]} 14. Bxb8 {[%clk 0:41:00]} Rxb8 {[%clk 0:41:00]}
15. axb5 {[%clk 0:41:00]} Bf5 {[%clk 0:37:00]} 16. Rfb1 {[%clk 0:41:00]} Qc7
{[%clk 0:35:00]} 17. bxc6 {[%clk 0:38:00]} Rxb3 {[%clk 0:35:00]} 18. Rxb3 {[%clk
0:38:00]} Qxc6 {[%clk 0:36:00]} 19. Ne5 {[%clk 0:38:00]} Qc7 {[%clk 0:35:00]} 20.
Nd3 {[%clk 0:35:00]} Rb8 {[%clk 0:30:00]} 21. Nb5 {[%clk 0:26:00]} Qd8 {[%clk
0:25:00]} 22. Nc5 {[%clk 0:22:00]} Ne4 {[%clk 0:23:00]} 23. Nxe4 {[%clk 0:21:00]}
Bxe4 {[%clk 0:24:00]} 24. Nxa7 {[%clk 0:21:00]} Rxb3 {[%clk 0:24:00]} 25. cxb3
{[%clk 0:22:00]} Qb6 {[%clk 0:24:00]} 26. Nb5 {[%clk 0:22:00]} Bf6 {[%clk
0:22:00]} 27. g3 {[%clk 0:20:00]} g5 {[%clk 0:20:00]} 28. hxg5 {[%clk 0:20:00]}
Bxg5 {[%clk 0:20:00]} 29. f4 {[%clk 0:09:34]} Bf6 {[%clk 0:19:04]} 30. b4 {[%clk
0:09:09]} e6 {[%clk 0:12:18]} 31. Nc3 {[%clk 0:05:26]} Qxb4 {[%clk 0:12:28]} 32.
Nxe4 {[%clk 0:04:54]} Qb1+ {[%clk 0:12:53]} 33. Kf2 {[%clk 0:05:01]} Qxe4 {[%clk
0:12:57]} 34. Bxh5 {[%clk 0:04:57]} Qh1 {[%clk 0:13:14]} 35. Bf3 {[%clk 0:05:15]}
Qh2+ {[%clk 0:13:28]} 36. Bg2 {[%clk 0:05:44]} Qh7 {[%clk 0:13:47]} 37. Qe2
{[%clk 0:05:55]} Qg6 {[%clk 0:13:47]} 38. Bf3 {[%clk 0:06:05]} Qb1 {[%clk
0:13:01]} 39. Kg2 {[%clk 0:06:27]} Qh7 {[%clk 0:12:20]} 40. Qb2 {[%clk 0:04:10]}
Be7 {[%clk 0:10:49]} 41. g4 {[%clk 0:04:12]} Qd3 {[%clk 0:09:52]} 42. Qe2 {[%clk
0:03:35]} Qxe2+ {[%clk 0:09:17]} 43. Bxe2 {[%clk 0:03:27]} Bb4 {[%clk 0:08:36]}
44. Kf3 {[%clk 0:03:50]} Kg7 {[%clk 0:07:52]} 45. Bb5 {[%clk 0:03:49]} Kf6 {[%clk
0:07:54]} 46. Bc6 {[%clk 0:04:07]} Bc3 {[%clk 0:07:42]} 47. f5 {[%clk 0:04:19]}
exf5 {[%clk 0:07:28]} 48. gxf5 {[%clk 0:04:39]} Kxf5 {[%clk 0:07:52]} 49. Bxd5
{[%clk 0:05:02]} Kf6 {[%clk 0:08:12]} 50. Ke4 {[%clk 0:05:31]} Bb4 {[%clk
0:07:55]} 51. Bc4 {[%clk 0:05:22]} Bd6 {[%clk 0:08:03]} 52. Kd5 {[%clk 0:05:37]}
Ke7 {[%clk 0:08:24]} 53. Ke4 {[%clk 0:05:39]} f6 {[%clk 0:08:00]} 54. Kf5 {[%clk
0:06:03]} Bg3 {[%clk 0:08:24]} 55. e4 {[%clk 0:06:24]} Bc7 {[%clk 0:08:24]}
1/2-1/2

[Event "Campeonato España Sub 16"]
[Site "Salobreña"]
[Date "2017.07.28"]
[Round "8"]
[White "Guerrero Mendez, Jesus"]
[Black "Villacorta Nicolas, David"]
[Result "0-1"]
[Board "15"]
[WhiteClock "1:30"]
[WhiteElo "1978"]
[WhiteCountry "ESP"]
[WhiteFideId "22275169"]
[WhiteEloChange "-9"]
[BlackClock "1:30"]
[BlackElo "2019"]
[BlackCountry "ESP"]
[BlackFideId "22295135"]
[BlackEloChange "9"]

1. e4 {[%clk 1:30:00]} e5 {[%clk 1:30:00]} 2. Nf3 {[%clk 1:31:00]} Nc6 {[%clk
1:30:00]} 3. c3 {[%clk 1:31:00]} d5 {[%clk 1:30:00]} 4. d3 {[%clk 1:29:00]} Nf6
{[%clk 1:27:00]} 5. Nbd2 {[%clk 1:29:00]} a5 {[%clk 1:18:00]} 6. Be2 {[%clk
1:29:00]} Bc5 {[%clk 1:17:00]} 7. Qc2 {[%clk 1:28:00]} dxe4 {[%clk 1:17:00]} 8.
dxe4 {[%clk 1:27:00]} h6 {[%clk 1:15:00]} 9. Nc4 {[%clk 1:24:00]} Qe7 {[%clk
1:14:00]} 10. Be3 {[%clk 1:23:00]} Ng4 {[%clk 1:12:00]} 11. Bxc5 {[%clk 1:20:00]}
Qxc5 {[%clk 1:12:00]} 12. O-O {[%clk 1:20:00]} Be6 {[%clk 1:08:00]} 13. Nfd2
{[%clk 1:14:00]} O-O {[%clk 0:59:00]} 14. h3 {[%clk 1:13:00]} Nf6 {[%clk
1:00:00]} 15. Ne3 {[%clk 1:12:00]} Ne7 {[%clk 0:59:00]} 16. Rad1 {[%clk 1:08:00]}
Ng6 {[%clk 0:57:00]} 17. Nf5 {[%clk 0:59:00]} Nf4 {[%clk 0:53:00]} 18. Nf3 {[%clk
0:55:00]} Nxe2+ {[%clk 0:51:00]} 19. Qxe2 {[%clk 0:54:00]} Bc4 {[%clk 0:51:00]}
20. Qd2 {[%clk 0:48:00]} Bxf1 {[%clk 0:46:00]} 21. Rxf1 {[%clk 0:43:00]} Nxe4
{[%clk 0:45:00]} 22. Qc2 {[%clk 0:42:00]} Nf6 {[%clk 0:44:00]} 23. Re1 {[%clk
0:42:00]} Rfe8 {[%clk 0:43:00]} 24. Qc1 {[%clk 0:41:00]} Ra6 {[%clk 0:43:00]} 0-1

[Event "Campeonato España Sub 16"]
[Site "Salobreña"]
[Date "2017.07.28"]
[Round "8"]
[White "Roldan Marques, Daniel"]
[Black "Ortin Blanco, Ainhoa"]
[Result "1-0"]
[Board "16"]
[WhiteClock "1:30"]
[WhiteTitle "FM"]
[WhiteElo "2300"]
[WhiteCountry "ESP"]
[WhiteFideId "32063318"]
[WhiteEloChange "2"]
[BlackClock "1:30"]
[BlackElo "1961"]
[BlackCountry "ESP"]
[BlackFideId "32010117"]
[BlackEloChange "-2"]

1. d4 {[%clk 1:30:00]} Nf6 {[%clk 1:30:00]} 2. c4 {[%clk 1:31:00]} g6 {[%clk
1:30:00]} 3. Nc3 {[%clk 1:30:00]} Bg7 {[%clk 1:30:00]} 4. e4 {[%clk 1:31:00]} d6
{[%clk 1:31:00]} 5. Bg5 {[%clk 1:29:00]} Nbd7 {[%clk 1:27:00]} 6. Qd2 {[%clk
1:29:00]} h6 {[%clk 1:25:00]} 7. Bh4 {[%clk 1:28:00]} O-O {[%clk 1:22:00]} 8. f3
{[%clk 1:26:00]} c5 {[%clk 1:16:00]} 9. d5 {[%clk 1:17:00]} a6 {[%clk 1:12:00]}
10. a4 {[%clk 1:15:00]} Qa5 {[%clk 1:10:00]} 11. Ra3 {[%clk 1:11:00]} Nb6 {[%clk
1:05:00]} 12. Nb1 {[%clk 0:57:00]} Qxd2+ {[%clk 1:04:00]} 13. Kxd2 {[%clk
0:50:00]} e6 {[%clk 0:58:00]} 14. a5 {[%clk 0:37:00]} Nbd7 {[%clk 0:57:00]} 15.
Bg3 {[%clk 0:34:00]} e5 {[%clk 0:53:00]} 16. Bf2 {[%clk 0:28:00]} Nh5 {[%clk
0:52:00]} 17. Nc3 {[%clk 0:26:00]} f5 {[%clk 0:50:00]} 18. Bd3 {[%clk 0:19:41]}
Nf4 {[%clk 0:43:00]} 19. Nge2 {[%clk 0:18:33]} Kh7 {[%clk 0:35:00]} 20. Nxf4
{[%clk 0:16:02]} exf4 {[%clk 0:35:00]} 21. exf5 {[%clk 0:16:20]} gxf5 {[%clk
0:35:00]} 22. Rc1 {[%clk 0:14:11]} Ne5 {[%clk 0:32:00]} 23. Bf1 {[%clk 0:14:35]}
Bf6 {[%clk 0:29:00]} 24. Rb1 {[%clk 0:08:33]} Rg8 {[%clk 0:28:00]} 25. b3 {[%clk
0:08:17]} Bd7 {[%clk 0:26:00]} 26. Ne2 {[%clk 0:08:35]} Ng6 {[%clk 0:13:21]} 27.
b4 {[%clk 0:08:15]} Ne5 {[%clk 0:10:22]} 28. Nxf4 {[%clk 0:04:53]} Bg5 {[%clk
0:10:46]} 29. Be3 {[%clk 0:05:19]} Bxf4 {[%clk 0:09:23]} 30. Bxf4 {[%clk
0:05:44]} Rxg2+ {[%clk 0:08:22]} 31. Bxg2 {[%clk 0:05:27]} Nxc4+ {[%clk 0:08:43]}
32. Kc3 {[%clk 0:01:17]} Nxa3 {[%clk 0:09:07]} 33. Re1 {[%clk 0:01:31]} cxb4+
{[%clk 0:06:09]} 34. Kb3 {[%clk 0:01:56]} Rd8 {[%clk 0:05:21]} 35. Re7+ {[%clk
0:01:17]} Kg6 {[%clk 0:05:43]} 36. Bxd6 {[%clk 0:01:01]} Ba4+ {[%clk 0:00:50]}
37. Kxa4 {[%clk 0:01:24]} Rxd6 {[%clk 0:01:10]} 38. Rxb7 {[%clk 0:01:26]} Rxd5
{[%clk 0:00:42]} 39. Rb6+ {[%clk 0:01:28]} Kg7 {[%clk 0:00:34]} 40. Rxa6 {[%clk
0:01:37]} Rb5 {[%clk 0:00:34]} 41. Bf1 {[%clk 0:01:20]} Rb8 {[%clk 0:00:33]} 42.
Rb6 {[%clk 0:01:28]} Ra8 {[%clk 0:00:34]} 43. Bd3 {[%clk 0:01:34]} Rd8 {[%clk
0:00:33]} 44. Bxf5 {[%clk 0:01:30]} Nc4 {[%clk 0:00:37]} 45. Rxb4 {[%clk
0:01:43]} Nxa5 {[%clk 0:00:31]} 46. Kxa5 {[%clk 0:01:58]} Kf6 {[%clk 0:00:37]}
47. Bg4 {[%clk 0:01:57]} Ke5 {[%clk 0:00:34]} 48. Rb5+ {[%clk 0:01:55]} Kd4
{[%clk 0:00:32]} 49. Kb4 {[%clk 0:01:59]} Ke3 {[%clk 0:00:38]} 50. Rh5 {[%clk
0:02:11]} Rd6 {[%clk 0:00:35]} 51. Kc5 {[%clk 0:00:08]} Ra6 {[%clk 0:00:37]} 52.
Kd5 {[%clk 0:02:35]} Ra5+ {[%clk 0:00:26]} 53. Ke6 {[%clk 0:00:04]} Ra6+ {[%clk
0:00:33]} 54. Kf7 {[%clk 0:03:15]} Kf2 {[%clk 0:00:34]} 55. Kg7 {[%clk 0:03:31]}
Ra7+ {[%clk 0:00:34]} 1-0

[Event "Campeonato España Sub 16"]
[Site "Salobreña"]
[Date "2017.07.28"]
[Round "8"]
[White "Ledesma Claros, Daniel"]
[Black "Castillo Dalmau, Albert"]
[Result "1/2-1/2"]
[Board "17"]
[WhiteClock "1:30"]
[WhiteElo "1940"]
[WhiteCountry "ESP"]
[WhiteFideId "24521558"]
[WhiteEloChange "7"]
[BlackClock "1:30"]
[BlackElo "2258"]
[BlackCountry "ESP"]
[BlackFideId "32009925"]
[BlackEloChange "-7"]

1. e4 {[%clk 1:30:00]} c5 {[%clk 1:28:00]} 2. Nc3 {[%clk 1:31:00]} e6 {[%clk
1:28:00]} 3. f4 {[%clk 1:31:00]} d5 {[%clk 1:28:00]} 4. Bb5+ {[%clk 1:32:00]} Bd7
{[%clk 1:19:00]} 5. exd5 {[%clk 1:32:00]} Bxb5 {[%clk 1:18:00]} 6. Nxb5 {[%clk
1:32:00]} a6 {[%clk 1:17:00]} 7. Nc3 {[%clk 1:32:00]} exd5 {[%clk 1:17:00]} 8.
Nf3 {[%clk 1:30:00]} Nf6 {[%clk 1:16:00]} 9. O-O {[%clk 1:30:00]} Be7 {[%clk
1:16:00]} 10. Re1 {[%clk 1:26:00]} O-O {[%clk 1:16:00]} 11. Ne5 {[%clk 1:26:00]}
d4 {[%clk 1:07:00]} 12. Ne4 {[%clk 1:26:00]} Nxe4 {[%clk 1:07:00]} 13. Rxe4
{[%clk 1:26:00]} Nd7 {[%clk 1:08:00]} 14. Nxd7 {[%clk 1:26:00]} Qxd7 {[%clk
1:08:00]} 15. Qf3 {[%clk 1:19:00]} Rfe8 {[%clk 0:42:00]} 16. d3 {[%clk 1:19:00]}
f5 {[%clk 0:40:00]} 17. Re5 {[%clk 1:16:00]} Bf6 {[%clk 0:29:00]} 18. Rxe8+
{[%clk 1:16:00]} Rxe8 {[%clk 0:29:00]} 19. Bd2 {[%clk 1:17:00]} g6 {[%clk
0:28:00]} 20. Re1 {[%clk 1:17:00]} Rxe1+ {[%clk 0:29:00]} 21. Bxe1 {[%clk
1:17:00]} Kf7 {[%clk 0:29:00]} 22. Ba5 {[%clk 1:13:00]} Be7 {[%clk 0:24:00]} 23.
b3 {[%clk 1:09:00]} Qe6 {[%clk 0:20:00]} 24. Kf1 {[%clk 1:03:00]} b6 {[%clk
0:21:00]} 25. Bd2 {[%clk 1:03:00]} a5 {[%clk 0:18:43]} 26. a4 {[%clk 1:03:00]}
Kg7 {[%clk 0:18:52]} 27. Kf2 {[%clk 1:03:00]} Bh4+ {[%clk 0:19:02]} 28. g3 {[%clk
1:03:00]} Be7 {[%clk 0:19:26]} 29. h4 {[%clk 1:03:00]} h5 {[%clk 0:19:44]} 30.
Kf1 {[%clk 1:03:00]} 1/2-1/2

[Event "Campeonato España Sub 16"]
[Site "Salobreña"]
[Date "2017.07.28"]
[Round "8"]
[White "Sanchez Serrano, Emilio"]
[Black "Sole Pijuan, Ferran"]
[Result "0-1"]
[Board "18"]
[WhiteClock "1:30"]
[WhiteElo "1928"]
[WhiteCountry "ESP"]
[WhiteFideId "32051174"]
[WhiteEloChange "-3"]
[BlackClock "1:30"]
[BlackElo "2216"]
[BlackCountry "ESP"]
[BlackFideId "32045611"]
[BlackEloChange "3"]

1. d4 {[%clk 1:30:00]} d5 {[%clk 1:30:00]} 2. Nf3 {[%clk 1:31:00]} Nf6 {[%clk
1:31:00]} 3. g3 {[%clk 1:31:00]} e6 {[%clk 1:30:00]} 4. c4 {[%clk 1:32:00]} Bb4+
{[%clk 1:30:00]} 5. Bd2 {[%clk 1:32:00]} Bd6 {[%clk 1:31:00]} 6. Bg2 {[%clk
1:32:00]} c6 {[%clk 1:31:00]} 7. O-O {[%clk 1:32:00]} Nbd7 {[%clk 1:27:00]} 8.
Qc2 {[%clk 1:30:00]} O-O {[%clk 1:28:00]} 9. Rd1 {[%clk 1:26:00]} Ne4 {[%clk
1:28:00]} 10. Nc3 {[%clk 1:17:00]} Nxd2 {[%clk 1:23:00]} 11. Nxd2 {[%clk
1:17:00]} f5 {[%clk 1:23:00]} 12. f4 {[%clk 1:12:00]} Nf6 {[%clk 1:19:00]} 13. c5
{[%clk 1:08:00]} Bc7 {[%clk 1:14:00]} 14. Nf3 {[%clk 1:08:00]} Bd7 {[%clk
1:12:00]} 15. b4 {[%clk 0:59:00]} Ne4 {[%clk 1:09:00]} 16. e3 {[%clk 0:52:00]} h6
{[%clk 1:07:00]} 17. Ne5 {[%clk 0:43:00]} Bxe5 {[%clk 1:05:00]} 18. fxe5 {[%clk
0:41:00]} h5 {[%clk 0:55:00]} 19. Nxe4 {[%clk 0:38:00]} dxe4 {[%clk 0:54:00]} 20.
Rf1 {[%clk 0:34:00]} Qg5 {[%clk 0:45:00]} 21. Rf4 {[%clk 0:33:00]} Qh6 {[%clk
0:43:00]} 22. h4 {[%clk 0:31:00]} a5 {[%clk 0:40:00]} 23. Qc3 {[%clk 0:29:00]}
axb4 {[%clk 0:40:00]} 24. Qxb4 {[%clk 0:29:00]} Ra7 {[%clk 0:40:00]} 25. Bf1
{[%clk 0:28:00]} Rfa8 {[%clk 0:37:00]} 26. Bc4 {[%clk 0:28:00]} Qg6 {[%clk
0:36:00]} 27. Kg2 {[%clk 0:27:00]} Ra4 {[%clk 0:32:00]} 28. Qxb7 {[%clk 0:24:00]}
Qe8 {[%clk 0:31:00]} 29. Qb3 {[%clk 0:23:00]} Ra3 {[%clk 0:30:00]} 30. Qc2 {[%clk
0:19:19]} Rxe3 {[%clk 0:26:00]} 31. Rxf5 {[%clk 0:17:26]} Raa3 {[%clk 0:26:00]}
32. Rg5 {[%clk 0:17:52]} Rac3 {[%clk 0:22:00]} 33. Qd2 {[%clk 0:18:16]} Qf7
{[%clk 0:21:00]} 34. Be2 {[%clk 0:16:30]} Be8 {[%clk 0:13:19]} 35. Bxh5 {[%clk
0:15:50]} Qxh5 {[%clk 0:13:03]} 36. Rxh5 {[%clk 0:15:23]} Rxg3+ {[%clk 0:11:55]}
37. Kh2 {[%clk 0:12:41]} Rh3+ {[%clk 0:11:11]} 38. Kg1 {[%clk 0:12:04]} Rcg3+
{[%clk 0:09:54]} 39. Qg2 {[%clk 0:09:37]} Bxh5 {[%clk 0:10:02]} 40. a4 {[%clk
0:09:57]} Rxg2+ {[%clk 0:09:25]} 41. Kxg2 {[%clk 0:10:25]} Rb3 {[%clk 0:09:05]}
42. a5 {[%clk 0:10:32]} Rb7 {[%clk 0:09:05]} 0-1